| 000 | 00631 a2200181 4500 | ||
|---|---|---|---|
| 999 |
_c8103 _d8103 |
||
| 020 | _a052158647X | ||
| 050 | _aP51 McC 1994 | ||
| 100 |
_aMc Carthy, Michael _eauthor |
||
| 245 |
_a English vocabulary in use : _b100 units of vocabulary reference and practice / _cMichael McCarthy, Felicity O'Dell. |
||
| 264 |
_aCambridge : _b Cambridge University Press, _c 1994 |
||
| 300 | _a296 pages : illustrations ; 25 cm | ||
| 500 | _alncludes index | ||
| 650 | _aEnglish language -- Textbooks for foreign speakers. | ||
| 650 | _aVocabulary. | ||
| 650 | _aEnglish language. | ||
| 700 | _aFelicity O'Dell. | ||
| 942 |
_2lcc _cBK _h51 _iMcC _kP |
||